Mission 50 Capitals - Statistics

General Stats
  • This quiz has been taken 43 times
  • The average score is 47 of 50
Answer Stats
Question Answer % Correct
Brazil Brasilia
97%
Argentina Buenos Aires
97%
Egypt Cairo
97%
Ukraine Kyiv
97%
Bolivia La Paz
97%
Peru Lima
97%
United Kingdom London
97%
Mexico Mexico City
97%
Kenya Nairobi
97%
Greenland (Denmark) Nuuk
97%
Canada Ottawa
97%
France Paris
97%
Italy Rome
97%
Sweden Stockholm
97%
Libya Tripoli
97%
USA Washington D.C.
97%
Nigeria Abuja
94%
Algeria Algiers
94%
Kazakhstan Astana
94%
Iraq Baghdad
94%
Thailand Bangkok
94%
China Beijing
94%
Germany Berlin
94%
Colombia Bogota
94%
Romania Bucharest
94%
Australia Canberra
94%
South Africa Cape Town
94%
India Delhi
94%
Zimbabwe Harare
94%
Finland Helsinki
94%
Pakistan Islamabad
94%
Indonesia Jakarta
94%
Spain Madrid
94%
Philippines Manila
94%
Russia Moscow
94%
Chad N'Djamena
94%
Iceland Reykjavik
94%
Saudi Arabia Riyadh
94%
Iran Tehran
94%
Japan Tokyo
94%
Mongolia Ulaanbaatar
94%
Poland Warsaw
94%
New Zealand Wellington
94%
Afghanistan Kabul
91%
Turkey Ankara
88%
Madagascar Antananarivo
88%
Mali Bamako
88%
Angola Luanda
88%
Alaska (USA) Juneau
85%
Sudan Juba
76%
No matching quizzes found
Score Distribution
Percent of People with Each Score
Percentile by Number Answered
Your Score History
You have not taken this quiz